Normal view
MARC view
- Berger, Pauline,
Entry Nombre Personal
001 - NUMERO DE CONTROL
- campo de control: 53803
003 - IDENTIFICADOR DE NUMERO DE CONTROL
- campo de control: MX-MxUPN
005 - FECHA Y HORA DE LA ÜLTIMA TRANSACCIÓN
- campo de control: 20240930161749.0
008 - DATOS DE LONGITUD FIJA
- campo de control de longitud fija: 240930|| aca||aabn | a|a d
010 ## - NÚMERO DE CONTROL DE LA BIBLIOTECA DEL CONGRESO
- Número de control LC: no2012017575
035 ## - NUMERO DE CONTROL
- Número de control: (OCoLC)oca09107563
040 ## - FUENTE DE CATALOGACIÓN
- Agencia original de catalogación: NjP
- Lenguaje de catalogación: spa
- Agencia de transcripción: NjP
- Agencia que lo modifica: MX-MxUPN
100 1# - ENCABEZAMIENTO - NOMBRE PERSONAL
- Nombre personal: Berger, Pauline,
- Date of a work: 1940-
670 ## - FUENTE EN LA QUE SE LOCALIZARON DATOS
- Cita de la fuente: Autoridades LC, 30 septiembre 2024 :
- Información localizada: (Berger, Pauline, 1940-)
- Uniform Resource Identifier: https://lccn.loc.gov/no2012017575
902 ## - CATALOGADOR
- Catalogador: MaríaRobles/300924
